000 00333cam a22001097a 4500
008 180718b1963 xxu||||| |||| 00| 0 eng d
082 _aK5mx54 In2
245 _aReport of the committee on the training of municipal employees
_cby Ministry of Health, India
260 _a
_b
_c1963
300 _a30p.
700 _aIndia. Ministry of Health
999 _c494716
_d494716